Подробности
| 000 -МАРКЕР |
| контрольное поле |
01772nam0a2200373 4500 |
| 001 - ИДЕНТИФИКАТОР ЗАПИСИ |
| контрольное поле |
RU\NLR\bibl\1067551 |
| 005 - ИДЕНТИФИКАТОР ВЕРСИИ |
| контрольное поле |
20260406083703.0 |
| 010 ## - МЕЖДУНАРОДНЫЙ СТАНДАРТНЫЙ НОМЕР КНИГИ (ISBN) |
| Номер (ISBN) |
978-5-9524-2710-5 |
| Тираж |
3000 |
| 021 ## - НОМЕР ГОСУДАРСТВЕННОЙ РЕГИСТРАЦИИ |
| Код страны |
Российская Федерация |
| Номер |
2007-10244 |
| Номер Листа государственной регистраци |
544 |
| 035 ## - ДРУГИЕ СИСТЕМНЫЕ НОМЕРА |
| Идентификатор записи |
(NLR Aleph) 001054801 |
| 100 ## - ДАННЫЕ ОБЩЕЙ ОБРАБОТКИ |
| Данные общей обработки |
20070403d2007 |||y0rusy50 ca |
| 101 0# - ЯЗЫК РЕСУРСА |
| Язык текста, звукозаписи и т.д. |
русский |
| 102 ## - СТРАНА ПУБЛИКАЦИИ ИЛИ ПРОИЗВОДСТВА |
| Страна публикации |
Российская Федерация |
| 105 ## - ПОЛЕ КОДИРОВАННЫХ ДАННЫХ: ТЕКСТОВЫЕ МАТЕРИАЛЫ, МОНОГРАФИЧЕСКИЕ |
| Кодированные данные о монографическом текстовом документе |
a ||||||||| |
| 200 1# - ЗАГЛАВИЕ И СВЕДЕНИЯ ОБ ОТВЕТСТВЕННОСТИ |
| Основное заглавие |
Великая русская революция |
| Параллельное заглавие |
The great russian revolution |
| Сведения, относящиеся к заглавию |
воспоминания председателя Учредительного собрания, 1905-1920 |
| Первые сведения об ответственности |
Виктор Чернов |
| Язык параллельного заглавия |
английский |
| 210 ## - ПУБЛИКАЦИЯ, РАСПРОСТРАНЕНИЕ И ДР. |
| Место издания, распространения и т.д. |
Москва |
| Имя издателя, распространителя и т. д. |
Центрполиграф |
| Дата издания, распространения и т.д. |
2007 |
| 215 ## - ФИЗИЧЕСКАЯ ХАРАКТЕРИСТИКА |
| Специфическое обозначение материала и объем |
428, [2] с., [4] л. ил., портр. |
| Размеры |
21 |
| 225 1# - СЕРИЯ |
| Основное заглавие серии |
Свидетели эпохи |
| 300 ## - ОБЩИЕ ПРИМЕЧАНИЯ |
| Текст примечания |
Авт. также на англ. яз.: Victor Chernov |
| 320 ## - ПРИМЕЧАНИЯ О НАЛИЧИИ В ДОКУМЕНТЕ БИБЛИОГРАФИИ / УКАЗАТЕЛЯ |
| Текст примечания |
Библиогр. в прим.: с. 421-429 |
| 510 0# - ПАРАЛЛЕЛЬНОЕ ЗАГЛАВИЕ |
| Связь между полями |
z73790 |
| Параллельное заглавие |
The great russian revolution |
| Язык заглавия |
английский |
| 600 #1 - ИМЯ ЛИЦА КАК ПРЕДМЕТ |
| Начальный элемент ввода |
Чернов |
| Часть имени, кроме начального элемента ввода |
В.М. |
| Даты |
1873 - 1952 |
| Расширение инициалов личного имени |
Виктор Михайлович |
| Формальный подзаголовок |
Воспоминания, записки и т.п. |
| Системный номер авторитетной/нормативной записи |
2140715 |
| Идентификатор авторитетной/нормативной записи |
RU\NLR\auth\661290289 |
| 607 ## - ГЕОГРАФИЧЕСКОЕ НАИМЕНОВАНИЕ КАК ПРЕДМЕТ |
| Географическое наименование |
Россия |
| Формальный подзаголовок |
Воспоминания, записки и т.п. |
| Тематический подзаголовок |
История |
| Хронологический подзаголовок |
нач. 20 в. |
| Системный номер авторитетной/нормативной записи |
2368087 |
| Идентификатор авторитетной/нормативной записи |
RU\NLR\auth\661413622 |
| 686 ## - ИНДЕКСЫ ДРУГИХ КЛАССИФИКАЦИЙ |
| Индекс |
Т3(2)52,013 |
| 686 ## - ИНДЕКСЫ ДРУГИХ КЛАССИФИКАЦИЙ |
| Индекс |
Ф69(2)421.2,013 |
| 700 #1 - ИМЯ ЛИЦА - ПЕРВИЧНАЯ ОТВЕТСТВЕННОСТЬ |
| Код отношения |
Автор |
| Материалы, к которым относится поле |
rus |
| Графика поля |
Кириллица |
| Начальный элемент ввода |
Чернов |
| Часть имени, кроме начального элемента ввода |
В. М. |
| Дополнения к именам, кроме дат |
полит. деятель |
| Даты |
1873-1952 |
| Расширение инициалов личного имени |
Виктор Михайлович |
| Идентификатор авторитетной/нормативной записи |
RU\NLR\auth\7750836 |
| Системный номер авторитетной/нормативной записи |
33770 |
| 790 #1 - ИМЯ ЛИЦА - АЛЬТЕРНАТИВНАЯ ФОРМА |
| Код отношения |
Автор |
| Материалы, к которым относится поле |
rus |
| Графика поля |
Латинская |
| Начальный элемент ввода |
Černov |
| Часть имени, кроме начального элемента ввода |
V. M. |
| Дополнения к именам, кроме дат |
полит. деятель |
| Даты |
1873-1952 |
| Расширение инициалов личного имени |
Viktor Michajlovič |
| Идентификатор авторитетной/нормативной записи |
RU\NLR\auth\7750837 |
| Системный номер авторитетной/нормативной записи |
33771 |
| 801 #0 - ИСТОЧНИК ЗАПИСИ |
| Страна |
Российская Федерация |
| Организация |
NLR |
| Дата составления |
20070403 |
| Правила каталогизации |
RCR |
| 801 #1 - ИСТОЧНИК ЗАПИСИ |
| Страна |
Российская Федерация |
| Организация |
NLR |
| Дата составления |
20070403 |
| 942 ## - ДОПОЛНИТЕЛЬНЫЕ ЭЛЕМЕНТЫ ЗАПИСИ (АБИС) |
| Тип экземпляра АБИС |
Книга |
| 980 ## - КОЛЛЕКЦИЯ |
| Название коллекции |
Национальная библиография |